Retórica y educación : la expresión oral y su aprendizaje /
保存先:
| 第一著者: | |
|---|---|
| その他の著者: | |
| フォーマット: | 電子媒体 eBook |
| 言語: | スペイン語 |
| 出版事項: |
Barcelona :
Editorial UOC,
[2024]
|
| 版: | Primera edición en lengua española. |
| シリーズ: | Educación desatada. Fundamentos educativos.
|
| 主題: | |
| オンライン・アクセス: | Digitalia Hispánica |
| タグ: |
タグ追加
タグなし, このレコードへの初めてのタグを付けませんか!
|
MARC
| LEADER | 00000nam a2200000 i 4500 | ||
|---|---|---|---|
| 001 | DIGUOCES0435 | ||
| 003 | NyNyDIG | ||
| 007 | cr ||||||||||| | ||
| 008 | 250709s2024 sp ob 000 0 spa d | ||
| 006 | m o d | ||
| 035 | |a (OCoLC)1527822130 | ||
| 040 | |a DGITA |b eng |e rda |e pn |c DGITA | ||
| 020 | |a 9788411661218 |q eBook |q pdf | ||
| 020 | |a 9788411661225 |q eBook |q ePub | ||
| 020 | |z 9788411661201 | ||
| 050 | 1 | 4 | |a P53.27 ebook |
| 100 | 1 | |a Gallifa i Roca, Josep, |e author. | |
| 245 | 1 | 0 | |a Retórica y educación : |b la expresión oral y su aprendizaje / |c Josep Gallifa ; prólogo de Eduard Bonet. |
| 250 | |a Primera edición en lengua española. | ||
| 250 | |a Primera edición en formato digital. | ||
| 264 | 1 | |a Barcelona : |b Editorial UOC, |c [2024] | |
| 300 | |a 1 online resource. | ||
| 336 | |a text |b txt |2 rdacontent | ||
| 337 | |a computer |b c |2 rdamedia | ||
| 338 | |a online resource |b cr |2 rdacarrier | ||
| 347 | |a text file |2 rdaft | ||
| 347 | |b PDF | ||
| 490 | 1 | |a Colección Educación desatada. Serie Fundamentos educativos | |
| 504 | |a Includes bibliographical references. | ||
| 588 | 0 | |a Online resource; title from PDF title page (Digitalia, viewed July 9, 2025) | |
| 650 | 0 | |a Rhetoric |x Study and teaching. | |
| 700 | 1 | |a Bonet, Eduardo, |e contributor agent of text. | |
| 791 | 2 | |a Digitalia (Firm), |e distributor. | |
| 793 | 0 | |g Digitalia eBook Collection: |a Universitat Oberta de Catalunya | |
| 776 | 0 | 8 | |i Print version: |a Gallifa i Roca, Josep. |t Retórica y educación. |b Primera edición en lengua española. |d Barcelona : Editorial UOC, [2024] |z 9788411661201 |
| 830 | 0 | |a Educación desatada. |p Fundamentos educativos. | |
| 856 | 4 | 0 | |3 Digitalia Hispánica |u https://digitalia.unach.elogim.com/a/171003/ |
| 910 | |a Premium collection: 2025 | ||